[Event "DRUGA LIGA SRBIJE-GRUPA VOJVODINA 2016"]
[Site "Kac"]
[Date "2016.11.17"]
[Round "4.1"]
[White "Csonka, Balazs"]
[Black "Vujovic, Milorad M"]
[Result "1-0"]
[WhiteElo "2398"]
[BlackElo "2069"]
[PlyCount "79"]
[EventDate "2016.11.15"]

1. d4 Nf6 2. c4 g6 3. Nc3 d5 4. Nf3 Bg7 5. h4 c6 6. Bg5 h6 7. Bxf6 Bxf6 8. e3
e6 9. Qc2 h5 10. O-O-O Nd7 11. e4 Nb6 12. c5 Nd7 13. Bd3 b6 14. cxb6 Nxb6 15.
Kb1 Bb7 16. Ne2 Rc8 17. Nf4 dxe4 18. Bxe4 Nd5 19. Nd3 Qe7 20. Nc5 O-O 21. Bxg6
fxg6 22. Qxg6+ Qg7 23. Qxg7+ Bxg7 24. Nxb7 Rb8 25. Nc5 Nc3+ 26. Kc2 Nxd1 27.
Rxd1 Rbe8 28. Re1 Rf6 29. Re2 Rxf3 30. gxf3 Bxd4 31. Nxe6 Bxf2 32. Rxf2 Rxe6
33. Rg2+ Kh7 34. Rg5 Re2+ 35. Kc1 Kh6 36. Rc5 Re6 37. Kd2 Kg6 38. b4 Kh6 39.
Ra5 Re7 40. Ra6 1-0

[Event "DRUGA LIGA SRBIJE-GRUPA VOJVODINA 2016"]
[Site "Kac"]
[Date "2016.11.17"]
[Round "4.1"]
[White "Vincilov, Dusan"]
[Black "Kopasz, Robert"]
[Result "0-1"]
[WhiteElo "2277"]
[BlackElo "2260"]
[PlyCount "120"]
[EventDate "2016.11.15"]

1. d4 g6 2. c4 Bg7 3. e4 d6 4. Nc3 Nc6 5. Nge2 e5 6. d5 Nce7 7. Bg5 h6 8. Be3
f5 9. f3 Nf6 10. Qd2 a6 11. O-O-O Bd7 12. exf5 gxf5 13. f4 e4 14. h3 Ng6 15. g4
fxg4 16. Ng3 Qe7 17. Bd4 O-O-O 18. Re1 Qf7 19. Be3 Nh4 20. Qd4 b6 21. c5 dxc5
22. Bxa6+ Kb8 23. Qc4 Ng2 24. Bxc5 Nxf4 25. Ngxe4 N6xd5 26. Rhf1 Be6 27. Nxd5
Bxd5 28. Qb4 Bb7 29. Nd6 Bxa6 30. Nxf7 Nd3+ 31. Kc2 Nxb4+ 32. Bxb4 Bd3+ 33. Kc1
Bxf1 34. Rxf1 gxh3 35. Nxh8 Bxh8 36. Kc2 Be5 37. Bd2 h2 38. Rh1 Rg8 39. Be3
Rg2+ 40. Kd3 Rxb2 41. a4 h5 42. Bd4 Bxd4 43. Kxd4 Kb7 44. Kc4 Ka6 45. Kc3 Rg2
46. Kb4 h4 47. Kc4 h3 48. Kb4 c6 49. Kc4 Ka5 50. Kb3 Rg3+ 51. Kc4 Rg4+ 52. Kb3
Rb4+ 53. Kc3 Rxa4 54. Rxh2 Rh4 55. Kb3 b5 56. Ra2+ Kb6 57. Rh2 c5 58. Kc3 Kc6
59. Kd3 Kd5 60. Kc3 Ke4 0-1

[Event "DRUGA LIGA SRBIJE-GRUPA VOJVODINA 2016"]
[Site "Kac"]
[Date "2016.11.17"]
[Round "4.1"]
[White "Simonyi, Zoltan"]
[Black "Tomic, Zivan"]
[Result "1/2-1/2"]
[WhiteElo "2202"]
[BlackElo "2058"]
[PlyCount "114"]
[EventDate "2016.11.15"]

1. d4 Nf6 2. Nf3 d6 3. Nc3 Nbd7 4. e4 e5 5. Bc4 h6 6. h3 Be7 7. Be3 c6 8. a4
Qc7 9. a5 Nf8 10. O-O Ng6 11. Nh2 Bd7 12. Re1 Qc8 13. Bf1 a6 14. Nf3 Nh7 15.
Na4 Bd8 16. dxe5 dxe5 17. Qd2 O-O 18. Ra3 Nf6 19. Nb6 Bxb6 20. Bxb6 Nh5 21. Kh2
Be6 22. Qc3 Kh7 23. g3 f6 24. Nd2 Ne7 25. Nc4 Qb8 26. Rd1 Nc8 27. Bc5 Re8 28.
Be2 g6 29. Qf3 Qc7 30. Rad3 Qf7 31. Ne3 Na7 32. Ng4 Nb5 33. c3 Rac8 34. Qe3 g5
35. Qf3 Rc7 36. Nxe5 fxe5 37. Qxh5 Rg8 38. Qxf7+ Rxf7 39. Bh5 Rfg7 40. Bg4 Bxg4
41. hxg4 Rf7 42. Kg2 Rg6 43. Rd7 Rgf6 44. Rxf7+ Rxf7 45. Rd8 Kg7 46. Kf1 Kf6
47. Ke2 Kg7 48. Kd3 Kg6 49. Kc4 Kf6 50. Be3 Nc7 51. Rh8 Kg7 52. Rb8 Ne6 53. Re8
Kf6 54. b3 Rd7 55. Rb8 Kg7 56. Kb4 Kf7 57. Rh8 Kg7 1/2-1/2

[Event "DRUGA LIGA SRBIJE-GRUPA VOJVODINA 2016"]
[Site "Kac"]
[Date "2016.11.17"]
[Round "4.1"]
[White "Ilicin, Mladen"]
[Black "Kecskemeti, Arpad"]
[Result "1-0"]
[WhiteElo "2051"]
[BlackElo "2216"]
[PlyCount "69"]
[EventDate "2016.11.15"]

1. e4 c5 2. Nf3 d6 3. d4 cxd4 4. c3 d3 5. Bxd3 g6 6. O-O Bg7 7. Re1 Nc6 8. h3
Nf6 9. Nbd2 O-O 10. Nf1 Nd7 11. Ne3 Nc5 12. Bc2 a5 13. a4 f5 14. exf5 gxf5 15.
Nd5 h6 16. Be3 e5 17. b4 axb4 18. cxb4 Ne6 19. Bb6 Qd7 20. b5 Ne7 21. Bb3 Kh7
22. Rc1 Nxd5 23. Bxd5 Nf4 24. Bb3 Qe7 25. Rc7 Qf6 26. Be3 Ng6 27. Ng5+ Kh8 28.
Nf7+ Kh7 29. Bg5 Rxf7 30. Bxf6 Rxc7 31. Bxg7 Kxg7 32. Qxd6 Re7 33. Rc1 Bd7 34.
Rc7 Rd8 35. Rxb7 1-0

[Event "DRUGA LIGA SRBIJE-GRUPA VOJVODINA 2016"]
[Site "Kac"]
[Date "2016.11.17"]
[Round "4.1"]
[White "Nagy, Attila N"]
[Black "Strbac, Milan"]
[Result "1-0"]
[WhiteElo "2185"]
[BlackElo "2053"]
[PlyCount "67"]
[EventDate "2016.11.15"]

1. Nf3 Nf6 2. d4 g6 3. c4 Bg7 4. Nc3 O-O 5. Bg5 d6 6. e3 c6 7. Be2 Bg4 8. O-O
Qa5 9. Bh4 Nbd7 10. Qc2 Rad8 11. b4 Qh5 12. Bg3 e5 13. Rad1 Rfe8 14. h3 Bxf3
15. Bxf3 Qh6 16. Qa4 a6 17. Qb3 Bf8 18. b5 axb5 19. cxb5 e4 20. Be2 Nh5 21. Bh2
Nhf6 22. a4 Ra8 23. Ra1 Rec8 24. a5 Be7 25. b6 Nb8 26. d5 Na6 27. Bxa6 Rxa6 28.
dxc6 Rxc6 29. Nb5 Ra8 30. Na7 Rc5 31. Rfc1 Qg5 32. a6 Rb8 33. Nc6 bxa6 34. Nxb8
1-0

[Event "DRUGA LIGA SRBIJE-GRUPA VOJVODINA 2016"]
[Site "Kac"]
[Date "2016.11.17"]
[Round "4.2"]
[White "Petrusic, Velimir"]
[Black "Cabarkapa, Novak"]
[Result "0-1"]
[WhiteElo "2176"]
[BlackElo "2413"]
[PlyCount "98"]
[EventDate "2016.11.15"]

1. d4 Nf6 2. Nf3 g6 3. Bg5 Bg7 4. Nbd2 O-O 5. c3 d6 6. e4 c5 7. dxc5 dxc5 8.
Bc4 Nc6 9. Qe2 Qc7 10. h3 h6 11. Bxf6 exf6 12. O-O f5 13. Nh4 Re8 14. Nxg6 fxe4
15. Nh4 Qf4 16. g3 Qe5 17. Rfe1 Bxh3 18. Qxe4 Qxe4 19. Nxe4 Ne5 20. Bb5 Re6 21.
f4 Rb6 22. Bf1 Bxf1 23. Kxf1 Nd3 24. Re2 Nxb2 25. Nf5 Na4 26. Ne7+ Kf8 27. Nd5
Rc6 28. Rb1 Nb6 29. Ne3 Re8 30. Nf5 Rd8 31. Rb5 c4 32. Ra5 a6 33. Rc5 Rxc5 34.
Nxc5 Rd1+ 35. Kg2 Bxc3 36. Nxb7 Bb4 37. a3 Bxa3 38. Na5 c3 39. Nb3 Bb4 40. Kf3
c2 41. Rxc2 Rd3+ 42. Kg4 Rxb3 43. Rc6 Bc3 44. Nxh6 a5 45. Rc7 a4 46. Rxf7+ Ke8
47. Ra7 Rb5 48. Rc7 Nd5 49. Rc4 Ne3+ 0-1

[Event "DRUGA LIGA SRBIJE-GRUPA VOJVODINA 2016"]
[Site "Kac"]
[Date "2016.11.17"]
[Round "4.2"]
[White "Banovic, Ivan"]
[Black "Labus, Vladislav"]
[Result "1/2-1/2"]
[WhiteElo "2208"]
[BlackElo "2061"]
[PlyCount "82"]
[EventDate "2016.11.15"]

1. d4 Nf6 2. c4 e6 3. Nc3 Bb4 4. Qc2 O-O 5. e4 Bxc3+ 6. bxc3 e5 7. Bd3 d6 8.
Ne2 Nc6 9. a3 Re8 10. O-O Qe7 11. f3 Na5 12. Rb1 Be6 13. Qa4 b6 14. Ng3 Nd7 15.
f4 Nf8 16. f5 Bd7 17. Qd1 f6 18. Nh5 Reb8 19. Rf3 Be8 20. Rg3 Bxh5 21. Qxh5 Qf7
22. Qe2 Kh8 23. Be3 c6 24. Rg4 a6 25. a4 Nd7 26. d5 Nc5 27. Rf1 Qh5 28. h3 Nd7
29. Rf3 Qf7 30. Rfg3 Rg8 31. Rh4 g5 32. fxg6 Rxg6 33. Rxg6 Qxg6 34. Rg4 Qf7 35.
Bh6 Rg8 36. Qf3 Rg6 37. Qf5 Rxg4 38. Qxg4 Qg6 39. Qxd7 Qxh6 40. Be2 Qe3+ 41.
Kf1 Nb3 1/2-1/2

[Event "DRUGA LIGA SRBIJE-GRUPA VOJVODINA 2016"]
[Site "Kac"]
[Date "2016.11.17"]
[Round "4.2"]
[White "Mandic, Milenko"]
[Black "Remecki, Sinisa"]
[Result "0-1"]
[WhiteElo "1894"]
[BlackElo "2188"]
[PlyCount "58"]
[EventDate "2016.11.15"]

1. d4 Nf6 2. c3 c5 3. Nf3 b6 4. Bf4 Bb7 5. e3 e6 6. Nbd2 Be7 7. Bd3 O-O 8. a4
d5 9. h4 Nbd7 10. g4 Ne4 11. Ng5 Ndf6 12. Qc2 cxd4 13. exd4 Bd6 14. Be5 Bxe5
15. dxe5 Nxg4 16. Ndxe4 dxe4 17. Bxe4 Bxe4 18. Qxe4 f5 19. exf6 Nxf6 20. Qxe6+
Kh8 21. O-O Qc7 22. Rad1 h6 23. Nh3 Rae8 24. Qd6 Qc8 25. Rd3 Qf5 26. Rfd1 Ne4
27. Qd4 Re6 28. Kf1 Qg4 29. Re1 Nd2+ 0-1

[Event "DRUGA LIGA SRBIJE-GRUPA VOJVODINA 2016"]
[Site "Kac"]
[Date "2016.11.17"]
[Round "4.2"]
[White "Torbica, Milos"]
[Black "Stamenkovic, Aleksandar"]
[Result "1-0"]
[WhiteElo "2237"]
[BlackElo "2203"]
[PlyCount "109"]
[EventDate "2016.11.15"]

1. d4 Nf6 2. Nf3 e6 3. Bf4 d5 4. e3 Bd6 5. Ne5 O-O 6. Bd3 c5 7. c3 b6 8. Nd2
Bb7 9. Bg5 Nc6 10. f4 h6 11. Bxf6 gxf6 12. Qg4+ Kh8 13. Qh5 Kg7 14. Ng4 Rh8 15.
O-O f5 16. Ne5 Bxe5 17. fxe5 Qg5 18. Qe2 h5 19. Rf4 cxd4 20. cxd4 Ne7 21. Nf3
Qh6 22. Rh4 Rac8 23. Rf1 Rc7 24. Rh3 Ng6 25. Rg3 h4 26. Rg5 Rhc8 27. Qd2 a5 28.
a3 Kf8 29. Kh1 Ke8 30. g3 hxg3 31. Rxg3 Ke7 32. Rfg1 Bc6 33. b4 Be8 34. bxa5
bxa5 35. Ng5 Rc3 36. Rh3 Qf8 37. Nh7 Qh8 38. Ba6 R8c7 39. Bf1 Nxe5 40. Ng5 Qf6
41. Nh7 Qh8 42. Ng5 Qf6 43. dxe5 Qxe5 44. Qf2 Rxa3 45. Nh7 Qe4+ 46. Bg2 Rc2 47.
Qg3 Qg4 48. Qe5 Raa2 49. Rg3 Qh4 50. Rh3 Qg4 51. Qf6+ Kd7 52. Nf8+ Kc8 53. Rg3
Qc4 54. Qe7 Bc6 55. Nxe6 1-0

[Event "DRUGA LIGA SRBIJE-GRUPA VOJVODINA 2016"]
[Site "Kac"]
[Date "2016.11.17"]
[Round "4.2"]
[White "Ljubisavljevic, Zivojin Z"]
[Black "Kostic, Filip"]
[Result "1-0"]
[WhiteElo "2125"]
[BlackElo "2185"]
[PlyCount "71"]
[EventDate "2016.11.15"]

1. c4 e6 2. g3 d5 3. Bg2 Nf6 4. Nf3 dxc4 5. Qa4+ Nbd7 6. O-O a6 7. Qxc4 b5 8.
Qc2 Bb7 9. d3 Be7 10. a4 b4 11. Nbd2 O-O 12. Nc4 a5 13. b3 Nd5 14. Bb2 Bf6 15.
d4 c5 16. e4 N5b6 17. Nd6 Ba6 18. Rfd1 cxd4 19. Bxd4 Bxd4 20. Nxd4 Ne5 21. Nc6
Qc7 22. Nd4 Qxc2 23. Nxc2 Rfd8 24. f4 Nd3 25. e5 Nd5 26. Bxd5 exd5 27. Nd4 f6
28. Ne6 Rd7 29. Rxd3 Bxd3 30. Nc5 Rc7 31. Nxd3 Rc3 32. Rd1 fxe5 33. fxe5 Rxb3
34. e6 Rb8 35. Nb5 Re8 36. Nf4 1-0

[Event "DRUGA LIGA SRBIJE-GRUPA VOJVODINA 2016"]
[Site "Kac"]
[Date "2016.11.17"]
[Round "4.2"]
[White "Radanovic, Aleksandar"]
[Black "Radic, Slavko"]
[Result "1-0"]
[WhiteElo "2176"]
[BlackElo "2057"]
[PlyCount "71"]
[EventDate "2016.11.15"]

1. e4 c6 2. c4 e5 3. Nf3 d6 4. d4 Nd7 5. Nc3 Ngf6 6. Be2 h6 7. h3 Qc7 8. Be3 g6
9. Qd2 a6 10. Rc1 Bg7 11. O-O g5 12. dxe5 dxe5 13. Rfd1 Nh7 14. c5 Nhf8 15. Na4
Ne6 16. Bc4 O-O 17. Bxe6 fxe6 18. Nb6 Nxb6 19. cxb6 Qf7 20. Qd6 Bf6 21. Nxe5
Qg7 22. Nc4 e5 23. Bc5 Re8 24. Qc7 Be6 25. Qxg7+ Bxg7 26. Nd6 Re7 27. Nb5 axb5
28. Bxe7 Rxa2 29. Rd8+ Kf7 30. Ba3 b4 31. Bxb4 Rxb2 32. Bc5 g4 33. hxg4 Bf6 34.
Rb8 Bg5 35. Rxb7+ Kg6 36. Be3 1-0

[Event "DRUGA LIGA SRBIJE-GRUPA VOJVODINA 2016"]
[Site "Kac"]
[Date "2016.11.17"]
[Round "4.3"]
[White "Mikheev, Stanislav"]
[Black "Pezelj, Novak"]
[Result "0-1"]
[WhiteElo "2281"]
[BlackElo "2447"]
[PlyCount "56"]
[EventDate "2016.11.15"]

1. d4 d5 2. c4 Nc6 3. Nf3 Bg4 4. e3 e6 5. Nc3 a6 6. h3 Bh5 7. cxd5 exd5 8. Qb3
Bxf3 9. gxf3 Nf6 10. Rg1 g6 11. f4 Rb8 12. Bd2 Bg7 13. Bg2 Ne7 14. Na4 b6 15.
Bf1 a5 16. Bb5+ c6 17. Bd3 O-O 18. Qc2 Qd7 19. Rh1 Rfc8 20. a3 c5 21. dxc5 b5
22. Nc3 Rxc5 23. Qb3 d4 24. Ne2 a4 25. Qb4 Qd5 26. Rg1 Nc6 27. Rg5 Nxb4 28.
axb4 dxe3 0-1

[Event "DRUGA LIGA SRBIJE-GRUPA VOJVODINA 2016"]
[Site "Kac"]
[Date "2016.11.17"]
[Round "4.3"]
[White "Varga, Zoltan"]
[Black "Veljkovic, Vojislav"]
[Result "1-0"]
[WhiteElo "2418"]
[BlackElo "2180"]
[PlyCount "69"]
[EventDate "2016.11.15"]

1. e4 e6 2. d4 d5 3. Nc3 dxe4 4. Nxe4 Be7 5. Nf3 Nf6 6. Nxf6+ Bxf6 7. c3 b6 8.
Bb5+ Bd7 9. Bd3 Bc6 10. O-O Nd7 11. Re1 O-O 12. Bf4 Re8 13. a4 Bb7 14. Qe2 a6
15. Rad1 Qc8 16. Ng5 g6 17. Qg4 Nf8 18. Ne4 Bg7 19. Qg3 f5 20. Nd2 c5 21. Nc4
Qc6 22. dxc5 bxc5 23. Nd6 Re7 24. Be2 Qxa4 25. Nxb7 Rxb7 26. Bf3 Qb3 27. Bxb7
Qxb7 28. Be5 Bxe5 29. Qxe5 c4 30. Rd2 Qb6 31. Qf6 Qc7 32. Rd4 Rb8 33. Re2 Rc8
34. h4 h6 35. Rxe6 1-0

[Event "DRUGA LIGA SRBIJE-GRUPA VOJVODINA 2016"]
[Site "Kac"]
[Date "2016.11.17"]
[Round "4.3"]
[White "Savanovic, Vuk"]
[Black "Farkas, Tibor"]
[Result "1/2-1/2"]
[WhiteElo "2284"]
[BlackElo "2272"]
[PlyCount "28"]
[EventDate "2016.11.15"]

1. e4 c5 2. Nf3 e6 3. d4 cxd4 4. Nxd4 a6 5. c4 Nf6 6. Nc3 Qc7 7. a3 b6 8. Bd3
Bb7 9. O-O d6 10. f4 Nbd7 11. f5 e5 12. Nb3 h5 13. Qe2 Be7 14. Nd5 Nxd5 1/2-1/2

[Event "DRUGA LIGA SRBIJE-GRUPA VOJVODINA 2016"]
[Site "Kac"]
[Date "2016.11.17"]
[Round "4.3"]
[White "Jesenski, Tibor"]
[Black "Omorjan, Dejan"]
[Result "0-1"]
[WhiteElo "2345"]
[BlackElo "2235"]
[PlyCount "80"]
[EventDate "2016.11.15"]

1. d4 Nf6 2. Nf3 g6 3. c4 Bg7 4. g3 O-O 5. Bg2 d6 6. O-O c5 7. d5 Na6 8. Nc3
Nc7 9. Bf4 Rb8 10. a4 a6 11. a5 b5 12. axb6 Rxb6 13. Qc2 e6 14. e4 exd5 15.
cxd5 h6 16. Nd2 g5 17. Bxd6 Rxd6 18. Nc4 Rd7 19. Nb6 Nb5 20. Nxd7 Nxd7 21. Nxb5
axb5 22. f4 Bd4+ 23. Kh1 Nf6 24. Qe2 Ng4 25. Qxb5 Ne3 26. Qc6 Qe7 27. Rae1 Nxg2
28. Kxg2 Kg7 29. f5 Qb7 30. Qxb7 Bxb7 31. Ra1 Rb8 32. Ra2 Kf6 33. Re1 Ke5 34.
Re2 Ra8 35. Rxa8 Bxa8 36. b4 cxb4 37. Ra2 Bb7 38. Kf3 b3 39. Ra3 b2 40. Rb3 Ba6
0-1

[Event "DRUGA LIGA SRBIJE-GRUPA VOJVODINA 2016"]
[Site "Kac"]
[Date "2016.11.17"]
[Round "4.3"]
[White "Krejic, Igor"]
[Black "Kumic, Filip"]
[Result "1-0"]
[WhiteElo "2235"]
[BlackElo "2313"]
[PlyCount "153"]
[EventDate "2016.11.15"]

1. e4 e5 2. Nf3 Nc6 3. Nc3 Nf6 4. d4 exd4 5. Nxd4 d6 6. Bg5 Be7 7. Qd2 O-O 8.
O-O-O Nxd4 9. Qxd4 c6 10. e5 Nd5 11. Bxe7 Qxe7 12. Nxd5 cxd5 13. exd6 Qxd6 14.
Qxd5 Qf4+ 15. Qd2 Qa4 16. a3 Be6 17. Bd3 a5 18. Qe2 Qf4+ 19. Rd2 g6 20. g3 Qg5
21. Be4 Rfe8 22. f4 Qc5 23. Qf3 Rab8 24. f5 gxf5 25. Bd3 Rbd8 26. Rf1 Rd5 27.
Qf2 Qc6 28. Qf4 Bd7 29. Rfd1 Qd6 30. Qf3 Bc6 31. Qf2 Qe5 32. Re2 Qd6 33. Rxe8+
Bxe8 34. Re1 Bd7 35. Qe3 b5 36. Qg5+ Kf8 37. Qd8+ Kg7 38. Qxa5 Qh6+ 39. Qd2 Qf6
40. Qf4 Be6 41. Rf1 Rd4 42. Qe3 b4 43. axb4 Rxb4 44. c3 Ra4 45. Kc2 h6 46. Rf4
Ra1 47. Qd4 Qxd4 48. Rxd4 Rh1 49. Rh4 Kg6 50. b4 Kg5 51. b5 f4 52. Be4 fxg3 53.
hxg3 Rg1 54. b6 Bc8 55. Rf4 f5 56. Bxf5 Bxf5+ 57. Rxf5+ Kxf5 58. b7 Rg2+ 59.
Kb3 Rg1 60. Kb2 Rg2+ 61. Ka3 Rxg3 62. b8=Q Rxc3+ 63. Kb4 Re3 64. Qh2 Re6 65.
Qh5+ Kf4 66. Qf7+ Ke5 67. Kc5 Rf6 68. Qd5+ Kf4 69. Kd4 Kg4 70. Qg2+ Kf5 71. Qg3
Rg6 72. Qe5+ Kg4 73. Ke4 Rg5 74. Qe6+ Kh5 75. Kf4 Kh4 76. Qxh6+ Rh5 77. Qg7 1-0

[Event "DRUGA LIGA SRBIJE-GRUPA VOJVODINA 2016"]
[Site "Kac"]
[Date "2016.11.17"]
[Round "4.3"]
[White "Arbutina, Sinisa"]
[Black "Cvetanovic, Damjan"]
[Result "1/2-1/2"]
[WhiteElo "2356"]
[BlackElo "2050"]
[PlyCount "84"]
[EventDate "2016.11.15"]

1. d4 Nf6 2. Nf3 c5 3. c3 e6 4. Bf4 b6 5. e3 Be7 6. Bd3 Bb7 7. Nbd2 d6 8. h3
Nc6 9. Qe2 O-O 10. O-O Qc7 11. Bg3 Rfe8 12. a3 e5 13. dxe5 Nxe5 14. Nxe5 dxe5
15. e4 a6 16. a4 Bf8 17. Bh4 Nd7 18. Bc4 Be7 19. Bg3 Bf6 20. Rfd1 Nf8 21. Nf1
Ne6 22. Qc2 Bc6 23. Ne3 b5 24. axb5 axb5 25. Rxa8 Rxa8 26. Bxe6 fxe6 27. Ng4 c4
28. f3 b4 29. cxb4 Ba4 30. Qc1 Bxd1 31. Qxd1 Qb6+ 32. Kh2 Qd4 33. Qc1 Ra2 34.
Bf2 Qd3 35. Bc5 Qd7 36. Bf2 Kf7 37. Bg3 Qd4 38. Bf2 Qxb2 39. Qxc4 h5 40. Qc7+
Kg6 41. Qd7 hxg4 42. Qe8+ Kh7 1/2-1/2

[Event "DRUGA LIGA SRBIJE-GRUPA VOJVODINA 2016"]
[Site "Kac"]
[Date "2016.11.17"]
[Round "4.4"]
[White "Vujadinovic, Goran"]
[Black "Drazic, Sinisa"]
[Result "1/2-1/2"]
[WhiteElo "2338"]
[BlackElo "2415"]
[PlyCount "57"]
[EventDate "2016.11.15"]

1. Nf3 Nf6 2. g3 g6 3. Bg2 Bg7 4. O-O O-O 5. d3 d6 6. e4 c5 7. Re1 Nc6 8. c3
Bg4 9. h3 Bxf3 10. Qxf3 Nd7 11. Qe2 Qc7 12. Na3 Rab8 13. Nc2 b5 14. a3 a5 15.
a4 b4 16. Bd2 Rfc8 17. Ne3 Qd8 18. f4 Nb6 19. h4 Qd7 20. h5 e6 21. Bh3 d5 22.
hxg6 hxg6 23. f5 exf5 24. Nxf5 gxf5 25. Bxf5 Qd8 26. Qh5 d4 27. e5 dxc3 28.
Qh7+ Kf8 29. Bh6 1/2-1/2

[Event "DRUGA LIGA SRBIJE-GRUPA VOJVODINA 2016"]
[Site "Kac"]
[Date "2016.11.17"]
[Round "4.4"]
[White "Stojanovic, Mihajlo"]
[Black "Stanojevic, Branko"]
[Result "1-0"]
[WhiteElo "2503"]
[BlackElo "2221"]
[PlyCount "137"]
[EventDate "2016.11.15"]

1. Nf3 Nf6 2. c4 e6 3. Nc3 d5 4. d4 c6 5. e3 Nbd7 6. Bd3 Bb4 7. O-O Qc7 8. Bd2
O-O 9. Nxd5 exd5 10. Bxb4 Re8 11. Qc2 a5 12. Bd2 h6 13. cxd5 Nxd5 14. a3 a4 15.
Rfe1 Nf8 16. e4 Nf4 17. Bf1 N4g6 18. Be3 Qe7 19. Nd2 Nh7 20. Nc4 Be6 21. d5
cxd5 22. Nb6 Rad8 23. exd5 Bxd5 24. Nxd5 Rxd5 25. Bc4 Rc8 26. Qxa4 Re5 27. Rac1
Rc6 28. Qb4 Qc7 29. Bf1 Nf6 30. Rxc6 Qxc6 31. Rc1 Qe6 32. Bd4 Re4 33. Qb6 Qxb6
34. Bxb6 Nd5 35. f3 Re6 36. Bd4 Ndf4 37. Kf2 Rd6 38. Rc8+ Kh7 39. Bc3 Nd5 40.
Bd2 Ne5 41. Rc2 g5 42. b4 Kg6 43. a4 Nf4 44. Bxf4 gxf4 45. Rc7 b6 46. Ke1 Rd4
47. a5 Rxb4 48. a6 Ra4 49. Rb7 Nc4 50. Bxc4 Rxc4 51. Rxb6+ f6 52. a7 Ra4 53.
Rb7 Ra2 54. Kd1 Kf5 55. Re7 h5 56. Kc1 Kg6 57. Kb1 Ra6 58. Kb2 Ra5 59. Kb3 Ra1
60. Kb4 Ra2 61. Kb5 Kf5 62. Kb6 Rb2+ 63. Kc7 Rc2+ 64. Kb8 Rxg2 65. a8=Q Rg8+
66. Kb7 Rxa8 67. Kxa8 Kg5 68. Rf7 f5 69. Kb7 1-0

[Event "DRUGA LIGA SRBIJE-GRUPA VOJVODINA 2016"]
[Site "Kac"]
[Date "2016.11.17"]
[Round "4.4"]
[White "Mijatovic, Dejan"]
[Black "Rogac, Srdjan"]
[Result "0-1"]
[WhiteElo "2248"]
[BlackElo "2387"]
[PlyCount "84"]
[EventDate "2016.11.15"]

1. d4 Nf6 2. Nf3 e6 3. c4 Bb4+ 4. Bd2 c5 5. Bxb4 cxb4 6. Nbd2 O-O 7. g3 d6 8.
Bg2 Qe7 9. O-O e5 10. e4 Bg4 11. h3 Bxf3 12. Nxf3 Nc6 13. d5 Nb8 14. Nh4 g6 15.
Qd2 a5 16. a3 Na6 17. axb4 axb4 18. Rae1 Nc5 19. f4 exf4 20. Rxf4 Nfd7 21. Bf1
Ne5 22. Be2 Qg5 23. Kh2 Nxe4 24. Qe3 Nc5 25. Nf3 Nxf3+ 26. Bxf3 Qd8 27. Rf1 f5
28. g4 Qf6 29. gxf5 Qxb2+ 30. Bg2 Qe5 31. Qg3 Rxf5 32. Rxf5 Qxg3+ 33. Kxg3 gxf5
34. Rb1 b3 35. Bf3 Ra2 36. Bd1 Rd2 37. Kf4 Rf2+ 38. Kg5 Ne4+ 39. Kh6 b2 40. Bh5
Kf8 41. Rg1 Nf6 42. c5 dxc5 0-1

[Event "DRUGA LIGA SRBIJE-GRUPA VOJVODINA 2016"]
[Site "Kac"]
[Date "2016.11.17"]
[Round "4.4"]
[White "Radlovacki, Jovan"]
[Black "Kovacevic, Dragan"]
[Result "1/2-1/2"]
[WhiteElo "2328"]
[BlackElo "2235"]
[PlyCount "40"]
[EventDate "2016.11.15"]

1. e4 e5 2. Nf3 Nf6 3. Nxe5 d6 4. Nf3 Nxe4 5. Nc3 Nf6 6. d4 Be7 7. Be2 O-O 8.
O-O Re8 9. Bg5 Nbd7 10. Qd2 Nf8 11. Bc4 c6 12. h3 h6 13. Bxf6 Bxf6 14. Rfe1 d5
15. Bd3 Ne6 16. Ne2 Ng5 17. Nxg5 Bxg5 18. Qd1 Be6 19. c3 Qd7 20. Qc2 Qc8
1/2-1/2

[Event "DRUGA LIGA SRBIJE-GRUPA VOJVODINA 2016"]
[Site "Kac"]
[Date "2016.11.17"]
[Round "4.4"]
[White "Kovacevic, Djordje"]
[Black "Klasan, Vladimir"]
[Result "1/2-1/2"]
[WhiteElo "2105"]
[BlackElo "2387"]
[PlyCount "66"]
[EventDate "2016.11.15"]

1. d4 c5 2. e3 Nf6 3. Nf3 g6 4. c3 cxd4 5. exd4 Bg7 6. Bd3 O-O 7. O-O d5 8. h3
Qc7 9. Re1 Nc6 10. Bg5 Bf5 11. Bxf5 gxf5 12. Qc1 Ne4 13. Bf4 Qb6 14. Re2 Rac8
15. Qd1 Kh8 16. Nbd2 e6 17. Nf1 Rg8 18. Ng3 Nxg3 19. Bxg3 Bf6 20. Kh2 Rg6 21.
Qd2 Rcg8 22. Rg1 Qd8 23. Qe3 Qf8 24. Ne5 Nxe5 25. Bxe5 Qg7 26. Bxf6 Qxf6 27.
Qf4 Rc8 28. g3 Qd8 29. Qe5+ Kg8 30. f3 Qa5 31. a3 Qc7 32. f4 Qxe5 33. fxe5 Kf8
1/2-1/2

[Event "DRUGA LIGA SRBIJE-GRUPA VOJVODINA 2016"]
[Site "Kac"]
[Date "2016.11.17"]
[Round "4.4"]
[White "Marinovic, Bozidar"]
[Black "Skoko, Milan"]
[Result "1-0"]
[WhiteElo "2375"]
[BlackElo "2128"]
[PlyCount "105"]
[EventDate "2016.11.15"]

1. e4 c5 2. Nf3 d6 3. d4 cxd4 4. Qxd4 Nf6 5. e5 Nc6 6. Bb5 Qa5+ 7. Nc3 Qxb5 8.
Nxb5 Nxd4 9. Nbxd4 dxe5 10. Nxe5 Nd7 11. Nc4 a6 12. Be3 e6 13. O-O-O Be7 14.
Nb3 O-O 15. Rhe1 b5 16. Nca5 Bb4 17. c3 Bxa5 18. Nxa5 Nf6 19. Bc5 Re8 20. Bd4
Nd5 21. Bxg7 Bd7 22. Bd4 Rab8 23. a3 Rec8 24. Kb1 f6 25. f4 Kf7 26. g3 Be8 27.
Ba7 Ra8 28. Bf2 Rc7 29. f5 Bd7 30. Nb3 Rac8 31. fxe6+ Bxe6 32. Nd4 Bg4 33. Rd2
Ne7 34. Be3 Nf5 35. Rf2 Nxd4 36. Bxd4 Rc6 37. Re4 h5 38. Ref4 f5 39. Kc2 Kg6
40. Rd2 Re8 41. Kb3 Re2 42. Rxe2 Bxe2 43. Kb4 Bd3 44. Ka5 Be4 45. Bb6 Bd3 46.
Rd4 Be2 47. Rd2 Bc4 48. Kxa6 b4+ 49. Kb7 bxc3 50. bxc3 Re6 51. a4 Bf1 52. a5
Bb5 53. Bc7 1-0

[Event "DRUGA LIGA SRBIJE-GRUPA VOJVODINA 2016"]
[Site "Kac"]
[Date "2016.11.17"]
[Round "4.5"]
[White "Sekulic, Dusan"]
[Black "Milanovic, Stanko"]
[Result "1-0"]
[WhiteElo "2218"]
[BlackElo "2150"]
[PlyCount "107"]
[EventDate "2016.11.15"]

1. d4 Nf6 2. c4 c5 3. d5 b5 4. cxb5 a6 5. e3 e6 6. dxe6 fxe6 7. Nc3 Be7 8. Nf3
O-O 9. a4 d5 10. Be2 axb5 11. Bxb5 Qc7 12. O-O Ne4 13. Nxe4 dxe4 14. Nd2 Bb7
15. b3 Qe5 16. Rb1 Qf5 17. Be2 Nc6 18. Bg4 Qg6 19. Nc4 Rad8 20. Qe2 Rd5 21. Kh1
Ba6 22. Bb2 Nb4 23. f4 h5 24. Bh3 Rfd8 25. Bc3 Nd3 26. g4 hxg4 27. Bxg4 Bh4 28.
h3 Kf8 29. Kh2 Ke7 30. Rg1 Qh6 31. Rbf1 Bf6 32. Ba5 Rb8 33. Rb1 Nxf4 34. exf4
Qxf4+ 35. Kh1 Rd3 36. Qh2 Qxh2+ 37. Kxh2 Rbxb3 38. Rxb3 Rxb3 39. Rc1 Bg5 40.
Rc2 Bf4+ 41. Kg2 Rg3+ 42. Kf2 e3+ 43. Kf1 e2+ 44. Bxe2 Rxh3 45. Bb6 Bd6 46.
Nxd6 Bxe2+ 47. Kg2 Bf1+ 48. Kxf1 Kxd6 49. Bxc5+ Kd5 50. a5 Kc6 51. a6 Rh8 52.
Bf2+ Kb5 53. a7 Ka6 54. Rb2 1-0

[Event "DRUGA LIGA SRBIJE-GRUPA VOJVODINA 2016"]
[Site "Kac"]
[Date "2016.11.17"]
[Round "4.5"]
[White "Dimitrijevic, Nenad"]
[Black "Mastrapovic, Vladimir"]
[Result "1-0"]
[WhiteElo "2165"]
[BlackElo "2289"]
[PlyCount "95"]
[EventDate "2016.11.15"]

1. d4 Nf6 2. Nf3 g6 3. Bf4 Bg7 4. e3 d6 5. h3 O-O 6. Be2 c5 7. c3 b6 8. O-O Bb7
9. a4 Nbd7 10. a5 bxa5 11. Qa4 Nd5 12. Bg3 cxd4 13. exd4 N7f6 14. Nbd2 Nh5 15.
Qxa5 Qb8 16. Bh2 Ndf4 17. Rfe1 Nxe2+ 18. Rxe2 e6 19. Qa3 Rd8 20. Ne4 e5 21.
Rae1 Nf4 22. Bxf4 exf4 23. Ned2 Bf8 24. Qa2 Qc7 25. Ne4 Kg7 26. Neg5 Rd7 27.
Ne4 h6 28. d5 a5 29. c4 f5 30. Nd4 Re7 31. Nc3 Rxe2 32. Rxe2 Qd7 33. Ne6+ Kh7
34. Qxa5 Be7 35. Qc7 Ra1+ 36. Kh2 Qxc7 37. Nxc7 Bf6 38. Re6 Be5 39. Rxe5 dxe5
40. c5 Rf1 41. c6 Bxc6 42. dxc6 Rxf2 43. N7d5 f3 44. c7 Rxg2+ 45. Kh1 h5 46.
c8=Q Rg3 47. Qf8 f2 48. Nf6# 1-0

[Event "DRUGA LIGA SRBIJE-GRUPA VOJVODINA 2016"]
[Site "Kac"]
[Date "2016.11.17"]
[Round "4.5"]
[White "Azaric, Slavko"]
[Black "Mik, Aurel"]
[Result "1-0"]
[WhiteElo "2283"]
[BlackElo "2059"]
[PlyCount "73"]
[EventDate "2016.11.15"]

1. Nf3 d5 2. d3 Nf6 3. g3 Nbd7 4. Bg2 e5 5. O-O Bd6 6. Nc3 c6 7. e4 dxe4 8.
Nxe4 Nxe4 9. dxe4 Qc7 10. Qe2 O-O 11. Nh4 Nc5 12. Be3 Be6 13. Bf3 Rad8 14. Rfd1
Be7 15. Nf5 Bxf5 16. exf5 Rxd1+ 17. Rxd1 a6 18. Bg2 Nd7 19. c4 Nf6 20. h4 Rd8
21. g4 Rxd1+ 22. Qxd1 Qd7 23. Qxd7 Nxd7 24. g5 f6 25. g6 Nc5 26. b4 Nd3 27. b5
axb5 28. cxb5 Nb4 29. a4 hxg6 30. fxg6 Bd8 31. Bh3 cxb5 32. Be6+ Kf8 33. axb5
Ke8 34. Bf7+ Kf8 35. h5 f5 36. h6 gxh6 37. Bxh6+ 1-0